<?xml version="1.0" encoding="UTF-8"?>
<collection xmlns="http://www.loc.gov/MARC21/slim">
    <record>
        <controlfield tag="001">48166</controlfield>
        <controlfield tag="005">20210121114456.0</controlfield>
        <datafield tag="024" ind1="7" ind2=" ">
            <subfield code="2">doi</subfield>
            <subfield code="a">10.12706/itea.2015.004</subfield>
        </datafield>
        <datafield tag="024" ind1="8" ind2=" ">
            <subfield code="2">sideral</subfield>
            <subfield code="a">89501</subfield>
        </datafield>
        <datafield tag="037" ind1=" " ind2=" ">
            <subfield code="a">ART-2015-89501</subfield>
        </datafield>
        <datafield tag="041" ind1=" " ind2=" ">
            <subfield code="a">spa</subfield>
        </datafield>
        <datafield tag="100" ind1=" " ind2=" ">
            <subfield code="0">(orcid)0000-0003-2827-3054</subfield>
            <subfield code="a">Abecia, J.A.</subfield>
            <subfield code="u">Universidad de Zaragoza</subfield>
        </datafield>
        <datafield tag="245" ind1=" " ind2=" ">
            <subfield code="a">Efecto de los implantes de melatonina y la presencia de compan~eros sobre los rendimientos de los moruecos durante la monta</subfield>
        </datafield>
        <datafield tag="260" ind1=" " ind2=" ">
            <subfield code="c">2015</subfield>
        </datafield>
        <datafield tag="506" ind1="0" ind2=" ">
            <subfield code="a">Access copy available to the general public</subfield>
            <subfield code="f">Unrestricted</subfield>
        </datafield>
        <datafield tag="520" ind1="3" ind2=" ">
            <subfield code="a">Para evaluar el efecto de los implantes de melatonina sobre la capacidad de monta del morueco en pri- mavera, tanto en cubriciones en grupo como individuales, a inicios de febrero 6 machos recibieron tres implantes (M), mientras que otros 6 permanecieron como control (C). A finales de marzo 60 ovejas sin- cronizadas en celo se dividieron en 3 apartados (n = 20), introducie´ndose 4 machos en cada grupo (2M+2C). Durante 6 horas se realizo´ un test de monta, registra´ndose el nu´mero de montas y servicios y el intervalo entre servicios. Cuatro di´as ma´s tarde, 60 ovejas sincronizadas se dividieron en 12 apar- tados (n = 5), introduciendo un macho en cada grupo para realizar un test individual. Los machos tra- tados presentaron una mayor actividad sexual que los control (C: 24,5 ± 3,0; M: 25,9 ± 2,3 montas+ser- vicios; P &lt; 0,05) y un menor intervalo entre servicios (C: 36,6 ± 6,6; M: 27,6 ± 2,1 min; P &lt; 0,05). En grupo los machos fueron capaces de montar y servir ma´s veces que de forma individual (Grupo: 27,8 ± 3,1; In- dividual: 22,6 ± 1,8; P &lt; 0,05). En conclusio´n, el tratamiento de los moruecos con implantes de melato- nina en primavera dio lugar a un aumento del nu´mero y la frecuencia de montas y servicios. Adema´s, se observo´ una mayor actividad sexual cuando los machos se encontraban en grupo que en solitario, independientemente del tratamiento.</subfield>
        </datafield>
        <datafield tag="540" ind1=" " ind2=" ">
            <subfield code="9">info:eu-repo/semantics/openAccess</subfield>
            <subfield code="a">by-nc-nd</subfield>
            <subfield code="u">http://creativecommons.org/licenses/by-nc-nd/3.0/es/</subfield>
        </datafield>
        <datafield tag="590" ind1=" " ind2=" ">
            <subfield code="a">0.389</subfield>
            <subfield code="b">2015</subfield>
        </datafield>
        <datafield tag="591" ind1=" " ind2=" ">
            <subfield code="a">AGRONOMY</subfield>
            <subfield code="b">68 / 83 = 0.819</subfield>
            <subfield code="c">2015</subfield>
            <subfield code="d">Q4</subfield>
            <subfield code="e">T3</subfield>
        </datafield>
        <datafield tag="591" ind1=" " ind2=" ">
            <subfield code="a">AGRICULTURE, DAIRY &amp; ANIMAL SCIENCE</subfield>
            <subfield code="b">49 / 58 = 0.845</subfield>
            <subfield code="c">2015</subfield>
            <subfield code="d">Q4</subfield>
            <subfield code="e">T3</subfield>
        </datafield>
        <datafield tag="592" ind1=" " ind2=" ">
            <subfield code="a">0.24</subfield>
            <subfield code="b">2015</subfield>
        </datafield>
        <datafield tag="593" ind1=" " ind2=" ">
            <subfield code="a">Agronomy and Crop Science</subfield>
            <subfield code="c">2015</subfield>
            <subfield code="d">Q3</subfield>
        </datafield>
        <datafield tag="593" ind1=" " ind2=" ">
            <subfield code="a">Veterinary (miscellaneous)</subfield>
            <subfield code="c">2015</subfield>
            <subfield code="d">Q3</subfield>
        </datafield>
        <datafield tag="593" ind1=" " ind2=" ">
            <subfield code="a">Horticulture</subfield>
            <subfield code="c">2015</subfield>
            <subfield code="d">Q3</subfield>
        </datafield>
        <datafield tag="655" ind1=" " ind2="4">
            <subfield code="a">info:eu-repo/semantics/article</subfield>
            <subfield code="v">info:eu-repo/semantics/publishedVersion</subfield>
        </datafield>
        <datafield tag="700" ind1=" " ind2=" ">
            <subfield code="0">(orcid)0000-0003-1228-535X</subfield>
            <subfield code="a">Palacín, I.</subfield>
        </datafield>
        <datafield tag="700" ind1=" " ind2=" ">
            <subfield code="a">Roche, A.</subfield>
        </datafield>
        <datafield tag="710" ind1="2" ind2=" ">
            <subfield code="1">2008</subfield>
            <subfield code="2">700</subfield>
            <subfield code="a">Universidad de Zaragoza</subfield>
            <subfield code="b">Dpto. Produc.Animal Cienc.Ali.</subfield>
            <subfield code="c">Área Producción Animal</subfield>
        </datafield>
        <datafield tag="773" ind1=" " ind2=" ">
            <subfield code="g">111, 1 (2015), 50-55</subfield>
            <subfield code="p">Inf. téc. econ. agrar.</subfield>
            <subfield code="t">Informacion Tecnica Economica Agraria</subfield>
            <subfield code="x">1699-6887</subfield>
        </datafield>
        <datafield tag="856" ind1="4" ind2=" ">
            <subfield code="s">209921</subfield>
            <subfield code="u">http://zaguan.unizar.es/record/48166/files/texto_completo.pdf</subfield>
            <subfield code="y">Versión publicada</subfield>
        </datafield>
        <datafield tag="856" ind1="4" ind2=" ">
            <subfield code="s">73362</subfield>
            <subfield code="u">http://zaguan.unizar.es/record/48166/files/texto_completo.jpg?subformat=icon</subfield>
            <subfield code="x">icon</subfield>
            <subfield code="y">Versión publicada</subfield>
        </datafield>
        <datafield tag="909" ind1="C" ind2="O">
            <subfield code="o">oai:zaguan.unizar.es:48166</subfield>
            <subfield code="p">articulos</subfield>
            <subfield code="p">driver</subfield>
        </datafield>
        <datafield tag="951" ind1=" " ind2=" ">
            <subfield code="a">2021-01-21-10:48:32</subfield>
        </datafield>
        <datafield tag="980" ind1=" " ind2=" ">
            <subfield code="a">ARTICLE</subfield>
        </datafield>
    </record>

    
</collection>